000 00422nam a2200169Ia 4500
008 221030s9999 xx 000 0 und d
020 _a8188057088
041 _aEnglish
082 _a105.23
_bSha
100 _aA. Shanmugam
245 0 _aComputer Communication networks
_cby A. Shanmugam, S. Rajeev
260 _bISTE
_aNew Delhi
_c2001
300 _a9.56
650 _aBE Computer
700 _aS. Rajeev
942 _cBK
999 _c1769
_d1769